[Event "RSA-chT U12"]
[Site "Cape Town"]
[Date "2016.01.07"]
[Round "7.6"]
[White "Khatshwa, Alitha"]
[Black "Bharath, Sajil"]
[Result "0-1"]
[WhiteElo "1020"]
[BlackElo "933"]
[PlyCount "34"]
[EventDate "2016.01.04"]
[EventType "team-tourn"]
[EventRounds "7"]
[EventCountry "RSA"]
[SourceTitle "CBM 170 Extra"]
[Source "ChessBase"]
[SourceDate "2016.02.25"]
[SourceVersion "1"]
[SourceVersionDate "2016.02.25"]
[SourceQuality "1"]
[WhiteTeam "Buffalo City"]
[BlackTeam "Ethekwini"]
[WhiteTeamCountry "RSA"]
[BlackTeamCountry "RSA"]

1. e4 e5 2. Nc3 Nc6 3. a3 Nf6 4. Nf3 Bc5 5. h3 d6 6. Bc4 a6 7. d3 h6 8. b4 Ba7 9. Ba2 Nd4 10. Bb2 Nc6 11. 0-0 Nh5 12. Nh2 Nf4 13. Ne2 Nxh3+ 14. gxh3 Bxh3 15. Re1 Qg5+ 16. Ng3 Qxg3+ 17. Kh1 Qg2# 0-1

[Event "RSA-chT U12"]
[Site "Cape Town"]
[Date "2016.01.06"]
[Round "6.6"]
[White "Bharath, Sajil"]
[Black "Smit, Devon"]
[Result "1-0"]
[WhiteElo "933"]
[BlackElo "889"]
[PlyCount "42"]
[EventDate "2016.01.04"]
[EventType "team-tourn"]
[EventRounds "7"]
[EventCountry "RSA"]
[SourceTitle "CBM 170 Extra"]
[Source "ChessBase"]
[SourceDate "2016.02.25"]
[SourceVersion "1"]
[SourceVersionDate "2016.02.25"]
[SourceQuality "1"]
[WhiteTeam "Ethekwini"]
[BlackTeam "Ekurhuleni"]
[WhiteTeamCountry "RSA"]
[BlackTeamCountry "RSA"]

1. e4 e6 2. Nc3 d5 3. exd5 exd5 4. d4 f5 5. Nf3 Nc6 6. h3 b6 7. Bb5 Bb7 8. Ne5 Qd6 9. Qe2 0-0-0 10. Nf7 Qf6 11. Nxd8 Nxd8 12. 0-0 Bd6 13. Ba6 Ne7 14. Bxb7+ Nxb7 15. Nb5 Nc6 16. Nxd6+ cxd6 17. c3 g5 18. Re1 g4 19. hxg4 fxg4 20. Qxg4+ Kc7 21. g3 Qf7 1-0

[Event "RSA-chT U12"]
[Site "Cape Town"]
[Date "2016.01.04"]
[Round "1.6"]
[White "Bharath, Sajil"]
[Black "Eaton, Dante"]
[Result "0-1"]
[WhiteElo "933"]
[BlackElo "1253"]
[PlyCount "42"]
[EventDate "2016.01.04"]
[EventType "team-tourn"]
[EventRounds "7"]
[EventCountry "RSA"]
[SourceTitle "CBM 170 Extra"]
[Source "ChessBase"]
[SourceDate "2016.02.25"]
[SourceVersion "1"]
[SourceVersionDate "2016.02.25"]
[SourceQuality "1"]
[WhiteTeam "Ethekwini"]
[BlackTeam "Western Province"]
[WhiteTeamCountry "RSA"]
[BlackTeamCountry "RSA"]

1. e4 c5 2. Nc3 e6 3. Bc4 Nc6 4. Nf3 a6 5. a3 Qc7 6. d3 Nf6 7. h3 Be7 8. Bd2 b5 9. Ba2 Bb7 10. Qc1 0-0 11. Bf4 d6 12. h4 Rfe8 13. h5 Qb6 14. h6 g6 15. Qd2 a5 16. Ng5 b4 17. Na4 Qb5 18. Bb3 Nd4 19. c4 bxc3 20. Nxc3 Qxb3 21. f3 Nc2+ 0-1